MLB Team Names - Statistics

General Stats
  • This quiz has been taken 18 times
  • The average score is 28 of 30
Answer Stats
Hint Answer % Correct
St. Louis Cardinals
100%
Detroit Tigers
100%
Minnesota Twins
100%
Los Angeles Angels
93%
Houston Astros
93%
Oakland Athletics
93%
Toronto Blue Jays
93%
Atlanta Braves
93%
Milwaukee Brewers
93%
Chicago Cubs
93%
Arizona Diamondbacks
93%
Los Angeles Dodgers
93%
San Francisco Giants
93%
Seattle Mariners
93%
Miami Marlins
93%
New York Mets
93%
Baltimore Orioles
93%
Philadelphia Phillies
93%
Pittsburgh Pirates
93%
Texas Rangers
93%
Tampa Bay Rays
93%
Cincinnati Reds
93%
Boston Red Sox
93%
Colorado Rockies
93%
Kansas City Royals
93%
Chicago White Sox
93%
New York Yankees
93%
Washington Nationals
87%
San Diego Padres
87%
Cleveland Guardians
73%
No matching quizzes found
Score Distribution
Percent of People with Each Score
Percentile by Number Answered
Your Score History
You have not taken this quiz